000 00708nam a22002177a 4500
003 0
005 20250906104115.0
008 250906b xxu||||| |||| 00| 0 eng d
020 _a978-0-357-64009-8
050 _aC 245
_b.R38 2026
100 _aRathus, Lois Fichner-,
_eauthor.
245 _aCultures & values :
_ba global view of the humanities volume I /
_cLois Fichner-Rathus.
250 _aTenth edition.
260 _aMason, OH :
_bCengage,
_c2026.
300 _axx, 522 pages :
_bcolored illustrations ;
_c28 cm.
504 _aIncludes bibliographical references and index.
650 _aCivilization
_xHistory.
650 _aHumanities
_xHistory.
650 _aCulture
_xHistory.
942 _2lcc
_cBK
999 _c367797
_d367797